Picasso en Cataluna /
| Main Author: | |
|---|---|
| Format: | Book |
| Language: | Spanish English French German |
| Published: |
[Barcelona] :
Ediciones Poligrafa,
[1967]
|
| Series: | Biblioteca de arte hispanico.
|
| Subjects: |
MARC
| Tag | First Indicator | Second Indicator | Subfields |
|---|---|---|---|
| LEADER | 00000cam a2200000 4500 | ||
| 001 | in00000731413 | ||
| 005 | 20151016074236.0 | ||
| 008 | 720418c19671966sp abch 00010bspa u | ||
| 010 | |a 67000968 | ||
| 035 | |a (OCoLC)00287505 | ||
| 035 | |9 ADF0036AM | ||
| 040 | |c OUN |d OCL |d TXA |d UtOrBLW | ||
| 041 | 0 | |a spa |a eng |a fre |a ger | |
| 049 | |a TXAM |c [477741] | ||
| 050 | 0 | |a ND553.P5 |b P328 | |
| 092 | |a 759.6 |b P586pa | ||
| 100 | 1 | |a Palau i Fabre, Josep, |d 1917-2008. | |
| 245 | 1 | 0 | |a Picasso en Cataluna / |c [por] Josep Palau i Fabre. |
| 264 | 1 | |a [Barcelona] : |b Ediciones Poligrafa, |c [1967] | |
| 264 | 4 | |c [©1966] | |
| 300 | |a 257 pages : |b illustrations (part color) facisims. (part color) maps, portraits (part color) ; |c 28 cm. | ||
| 336 | |a text |b txt |2 rdacontent | ||
| 337 | |a unmediated |b n |2 rdamedia | ||
| 338 | |a volume |b nc |2 rdacarrier | ||
| 490 | 1 | |a Biblioteca de arte hispanico | |
| 500 | |a Spanish, English, French and German. | ||
| 600 | 1 | 0 | |a Picasso, Pablo, |d 1881-1973. |
| 830 | 0 | |a Biblioteca de arte hispanico. | |
| 999 | |a MARS | ||
| 999 | f | f | |s d6108906-9834-392d-97ad-14e61619c43e |i a38f144d-5f94-35bb-a644-c0331883250e |t 0 |
| 952 | f | f | |p normal |a Texas A&M University |b College Station |c Sterling C. Evans Library |d Evans: Library Stacks |t 0 |e ND553.P5 P328 |h Library of Congress classification |i unmediated -- volume |m A14801158502 |
| 998 | f | f | |a ND553.P5 P328 |t 0 |l Evans: Library Stacks |